LEADER 01439nam--2200421---450- 001 990002036090203316 005 20090325115708.0 010 $a88-420-7582-5 035 $a000203609 035 $aUSA01000203609 035 $a(ALEPH)000203609USA01 035 $a000203609 100 $a20040929d2005----km-y0enga50------ba 101 1 $aita 102 $aIT 105 $ay|||z|||001yy 200 1 $aMusulmani buoni e cattivi$ela guerra fredda e le origini del terrorismo$fMahmood Mamdani 210 $aRoma [etc.]$cGLF editori Laterza$d2005 215 $aXI, 330 p.$d21 cm 225 2 $a<> Robinson$iLetture 410 0$12001$a<> Robinson$iLetture 454 1$12001$aGood muslim, bad muslim. America, the cold war and the roots of terror$939088 461 1$1001------$12001 606 0 $aTerrorismo$xPaesi islamici 676 $a303.6250917671 700 1$aMAMDANI,$bMahmood$0243990 801 0$aIT$bsalbc$gISBD 912 $a990002036090203316 951 $a303.625 MAM 1 (ISP IV 1511)$b181400 L.M.$cISP IV$d00179928 959 $aBK 969 $aECO 979 $aMARIA$b10$c20040929$lUSA01$h1235 979 $aPECORARO$b90$c20051122$lUSA01$h1804 979 $aPECORARO$b90$c20051123$lUSA01$h0846 979 $aPECORARO$b90$c20051128$lUSA01$h1221 979 $aRSIAV2$b90$c20090325$lUSA01$h1157 996 $aGood muslim, bad muslim. America, the cold war and the roots of terror$939088 997 $aUNISA LEADER 01370nam 2200445 450 001 9910795306003321 005 20200520144314.0 010 $a80-246-3191-1 035 $a(CKB)4340000000210117 035 $a(MiAaPQ)EBC5110755 035 $a(Au-PeEL)EBL5110755 035 $a(CaPaEBR)ebr11460370 035 $a(OCoLC)1009312813 035 $a(PPN)231676603 035 $a(EXLCZ)994340000000210117 100 $a20171124h20172017 uy 0 101 0 $aeng 135 $aurcnu|||||||| 181 $2rdacontent 182 $2rdamedia 183 $2rdacarrier 200 10$aInstability in the Middle East $estructural changes and uneven modernisation, 1950-2015 /$fKarel Cerny 210 1$a[Place of publication not identified] :$cCharles University,$d2017. 210 4$dİ2017 215 $a1 online resource (476 pages) $cillustrations, tables, graphs 311 $a80-246-3427-9 320 $aIncludes bibliographical references and index. 606 $aSocial change$zMiddle East 606 $aPolitical stability$zMiddle East 615 0$aSocial change 615 0$aPolitical stability 676 $a303.40956 700 $aCerny$b Karel$01480783 801 0$bMiAaPQ 801 1$bMiAaPQ 801 2$bMiAaPQ 906 $aBOOK 912 $a9910795306003321 996 $aInstability in the Middle East$93822396 997 $aUNINA